00390cam a2200157ua 45000010005000000080039000050400009000440820013000531000028000662450042000942500009001362600035001453000016001806530019001966530017002153374111019n ii |||gr||||Z||||||asm cMAIN a891.45131 aBaruah, Abhijit Sarmah,11aPratyavartancby Abhijit Sarma Baruah a1st. aGuahati:bSahitya Prakash,991. a63p:c23cm. aAssamese novel aPratyavartan